| 000 | 00507cam a2200193ua 4500 | ||
|---|---|---|---|
| 001 | 179 | ||
| 008 | 110323n ii |||gr||||Z||||||eng | ||
| 020 | _a81-7033-545-0 | ||
| 040 | _cMAIN | ||
| 082 | _a301.0954 | ||
| 245 |
_aSociety in India. : _bCpncepts, theories and recent trends. / _cBy Ram Ahuja. |
||
| 250 | _a1st. | ||
| 260 |
_aNew Delhi.: _bRawat publications., _c2008. |
||
| 300 | _ax, 504 p.:5 cm. | ||
| 653 | _aSociology. | ||
| 653 | _aSociety in India. | ||
| 700 | _aAhuja, Ram., | ||
| 942 | _cBK | ||
| 999 |
_c161 _d161 |
||